01672nam a2200373 a 4500001001200000003000800012006001900020007001500039008004100054010001700095015001900112016001800131020001800149020001500167040002100182035002100203050002600224082001700250100001600267245014900283250001200432260004200444300002400486504006400510505030000574533015200874650002701026650003401053655002901087700002201116710001701138856012601155999001701281ebr10295901CaPaEBRm u cr cn|||||||||070628s2007 caua sb 001 0 eng  z 2007026558 aGBA7640822bnb7 z0138181012Uk z9780787994945 z0787994944 aCaPaEBRcCaPaEBR a(OCoLC)60862374814aHD58.8b.K3774 2007eb04a658.4/022221 aKates, Amy.10aDesigning your organizationh[electronic resource] :busing the star model to solve 5 critical design challenges /cAmy Kates, Jay R. Galbraith. a1st ed. aSan Francisco :bJossey-Bass,cc2007. axvi, 256 p. :bill. aIncludes bibliographical references (p. 245-248) and index.0 aIntroduction -- The authors -- Fundamentals of organization design -- Designing around the customer -- Organizing across borders -- Making a matrix work -- Solving the centralization-decentralization dilemma -- Organizing for innovation -- Conclusion -- Appendix: Decision tools -- Bibliography. aElectronic reproduction.bPalo Alto, Calif. :cebrary,d2013.nAvailable via World Wide Web.nAccess may be limited to ebrary affiliated libraries. 0aOrganizational change. 0aOrganizational effectiveness. 7aElectronic books.2local1 aGalbraith, Jay R.2 aebrary, Inc.40uhttp://site.ebrary.com/lib/rucke/Doc?id=10295901zAn electronic book accessible through the World Wide Web; click to view c76670d76670